00330nam a2200097 4500245008900000100002800089260004200117300001700159490003500176082002100211 aWomen in the sacred lawscby Shakuntala Rao Shastri ; with a foreword by F.W. Thomas aRao Shastri, Shakuntala aBombaybBharatiya Vidya Bhavan c1959 a189p.; 18cm aBhavan book University ; no.13 aPCb294.5926 RAO